| 000 | 00929nam a2200313Ia 4500 | ||
|---|---|---|---|
| 003 | OSt | ||
| 005 | 20220912150111.0 | ||
| 006 | a|||||r|||| 00| 0 | ||
| 007 | ta | ||
| 008 | 220909b |||||||| |||| 00| 0 eng d | ||
| 020 | _a8181470842 (pbk) | ||
| 024 | _a11988 | ||
| 037 | _bIN-00046, 23/08/2004, N R Book Distributors | ||
| 037 | _cTextual | ||
| 040 |
_aCSL _beng _cCSL |
||
| 041 | _aeng | ||
| 082 | _aL:3, K13;P0;1-;5 | ||
| 100 | _aGuyton Arthur C | ||
| 245 | 0 | _aTextbook of medical physiology | |
| 250 | _a10 | ||
| 260 |
_aPhiladelphia _bElsevier _c2000 |
||
| 300 |
_axxxii, 1064p. _ccm. |
||
| 500 |
_aIncludes bibliographical references; Index 979-1064p. _ccm. |
||
| 650 | _a Medical | ||
| 650 | _aPhilosophy | ||
| 700 | _a Hall John E | ||
| 942 |
_hL:3, K13;P0;1-;5 _cTEXL _2CC |
||
| 999 |
_c39670 _d39670 |
||